000 00860nam a2200253 a 4500
001 BRL_106
005 20190320210606.0
008 780814s1940 mx-f######---#000-0#spa-#
040 _aDLC
_cCU-S
_dOCoLC
041 _aspa
044 _amx
050 4 _aND255
_b.C37 1940
100 1 _aCardoza y Aragón, Luis
_95606
245 1 0 _aLa nube y el reloj
_bAgustín Lazo, Carlos Merida, Rufino Tamayo, Julio Castellanos, David Alfaro Siqueiros, Diego Rivera, José Clemente Orozco
_cLuis Cardoza y Aragón.
260 _aMéxico
_bUNAM
_c1940
300 _a138 p.
_bil., 120 láminas
_c28 cm.
500 _aej.1 Au144, ej.2 Au1838
500 _aLa biblioteca cuenta con 2 ejemplares
500 _aEl ejemplar 1 esta encuadernado en queratol.
650 1 4 _aPintores
_zMéxico
_94221
650 1 4 _apintura mural
_zMéxico
_95317
902 _aGRL
942 _2lcc
_cB
999 _c8919
_d8919